Biographical sketch of acharya Vinoba Bhave / (Record no. 150888)
[ view plain ]
| 000 -LEADER | |
|---|---|
| fixed length control field | 00745nam a22002057a 4500 |
| 005 - DATE AND TIME OF LATEST TRANSACTION | |
| control field | 20180409115543.0 |
| 010 ## - LCCN (DPL NO) | |
| LC control number | B-690868-869 |
| 020 ## - INTERNATIONAL STANDARD BOOK NUMBER | |
| International Standard Book Number | 9788186208472 |
| Terms of availability | 400.00 |
| 035 ## - SYSTEM CONTROL NUMBER | |
| System control number | B-690868-869 |
| 037 ## - SOURCE OF ACQUISITION | |
| Stock number | DPL |
| Source of stock number/acquisition | Pansy |
| 082 ## - DEWEY DECIMAL CLASSIFICATION NUMBER | |
| Classification number | 921 |
| 100 ## - MAIN ENTRY--PERSONAL NAME | |
| Personal name | Raghunathan, V. |
| 245 ## - TITLE STATEMENT | |
| Title | Biographical sketch of acharya Vinoba Bhave / |
| Statement of responsibility, etc | by V. Raghunathan |
| Remainder of title | |
| 260 ## - PUBLICATION, DISTRIBUTION, ETC. (IMPRINT) | |
| Place of publication, distribution, etc | New Delhi |
| Name of publisher, distributor, etc | Raj Publications |
| Date of publication, distribution, etc | 2006 |
| 270 ## - ADDRESS | |
| Address | 108, 4855/24,Ansari Road,Daryaganj, |
| City | New Delhi |
| Postal code | 110002 |
| 300 ## - PHYSICAL DESCRIPTION | |
| Extent | 192p. |
| Other physical details | 22cm.(Hb) |
| 500 ## - GENERAL NOTE | |
| General note | Balidani |
| 942 ## - ADDED ENTRY ELEMENTS (KOHA) | |
| Source of classification or shelving scheme | Dewey Decimal Classification |
| Item type | English Books |
| Call number suffix | RAG |
| Classification part | 921 |
| Withdrawn status | Lost status | Not for loan | Collection code | Home library | Current library | Date acquired | Source of acquisition | Cost, normal purchase price | Full call number | Barcode | Copy number | Cost, replacement price | Koha item type | Public note |
|---|---|---|---|---|---|---|---|---|---|---|---|---|---|---|
| Non-fiction | Central Library | Central Library | 09/04/2018 | Pansy 1721/05.03.2018/795/19.02.2018/12.03.2018 | 400.00 | 921 RAG | B-690868 | 1 | 400.00 | English Books | Balidani | |||
| Non-fiction | Sarojini Nagar | Sarojini Nagar | 09/04/2018 | Pansy 1721/05.03.2018/795/19.02.2018/12.03.2018 | 400.00 | 921 RAG | B-690869 | 1 | 400.00 | English Books | Balidani |
